Normal view
MARC view
- Supervised Dr. Muhammad Ishaq
Entry Personal Name
001 - CONTROL NUMBER
- control field: 20098
003 - CONTROL NUMBER IDENTIFIER
- control field: NUST
005 - DATE AND TIME OF LATEST TRANSACTION
- control field: 20190907132315.0
008 - FIXED-LENGTH DATA ELEMENTS
- fixed length control field: 190907|| aca||aabn | a|a d
040 ## - CATALOGING SOURCE
- Original cataloging agency: NUST
- Transcribing agency: NUST
100 ## - HEADING--PERSONAL NAME
- Personal name: Supervised Dr. Muhammad Ishaq
670 ## - SOURCE DATA FOUND
- Source citation: Work cat.: (NUST): Sarmad, Ghilmana 20097, Sandpile group for some classes of graphs /, 2016.
